Digital fundamentals (Record no. 13542)

000 -LEADER
fixed length control field 00338nam a22001457a 4500
020 ## - INTERNATIONAL STANDARD BOOK NUMBER
International Standard Book Number 9781292075983
082 ## - DEWEY DECIMAL CLASSIFICATION NUMBER
Classification number 621.395 FLO
100 ## - MAIN ENTRY--PERSONAL NAME
Personal name Thomas L. Floyd
245 ## - TITLE STATEMENT
Title Digital fundamentals
250 ## - EDITION STATEMENT
Edition statement 11th
260 ## - PUBLICATION, DISTRIBUTION, ETC.
Place of publication, distribution, etc. New York
Name of publisher, distributor, etc. Pearson
Date of publication, distribution, etc. 2015
300 ## - PHYSICAL DESCRIPTION
Extent pv
Other physical details ill.;
650 ## - SUBJECT ADDED ENTRY--TOPICAL TERM
Topical term or geographic name entry element Digital electronics
-- Logic circuits
942 ## - ADDED ENTRY ELEMENTS (KOHA)
Koha item type Book
Holdings
Withdrawn status Lost status Damaged status Not for loan Collection code Permanent Location Current Location Shelving location Date acquired Source of acquisition Cost, normal purchase price Total Checkouts Total Renewals Full call number Barcode Checked out Date last seen Date last checked out Price effective from Koha item type
          Central Library (CL) Central Library (CL) General Stacks 04/15/2016 Allied Book Company 9029.22 2 1 621.395 FLO SEECS013428 02/16/2020 06/28/2016 06/28/2016 04/16/2016 Book
© 2023 Central Library, National University of Sciences and Technology. All Rights Reserved.